| 000 | 00524cam a2200145 4500500 | ||
|---|---|---|---|
| 005 | 20251012005150.0 | ||
| 041 | _afre | ||
| 042 | _adc | ||
| 100 | 1 | 0 |
_aTraimond, Bernard _eauthor |
| 245 | 0 | 0 | _aQuand les travailleurs sabotaient. France, États-Unis (1897-1918). Dominique Pinsolle. Agone, 2024, 480 págs., 25 € |
| 260 | _c2025. | ||
| 500 | _a63 | ||
| 786 | 0 | _nEsprit | Mai | 5 | 2025-04-29 | p. 163-164 | 0014-0759 | |
| 856 | 4 | 1 | _uhttps://shs.cairn.info/revista-esprit-2025-5-page-163?lang=es&redirect-ssocas=7080 |
| 999 |
_c1516884 _d1516884 |
||